Jazz MVP for Each Season - Statistics

General Stats
  • This quiz has been taken 7 times
  • The average score is 38 of 51
Answer Stats
Year Answer % Correct
2020-21 Donovan Mitchell
100%
2019-20 Donovan Mitchell
100%
2017-18 Donovan Mitchell
100%
1990-91 John Stockton
100%
1988-89 John Stockton
100%
1987-88 John Stockton
100%
2002-03 Karl Malone
100%
2001-02 Karl Malone
100%
2000-01 Karl Malone
100%
1999-00 Karl Malone
100%
1998-99 Karl Malone
100%
1997-98 Karl Malone
100%
1996-97 Karl Malone
100%
1995-96 Karl Malone
100%
1994-95 Karl Malone
100%
1993-94 Karl Malone
100%
1992-93 Karl Malone
100%
1991-92 Karl Malone
100%
1989-90 Karl Malone
100%
1986-87 Karl Malone
100%
2010-11 Deron Williams
86%
2009-10 Deron Williams
86%
2008-09 Deron Williams
86%
2007-08 Deron Williams
86%
2021-22 Rudy Gobert
86%
2018-19 Rudy Gobert
86%
1985-86 Adrian Dantley
71%
1984-85 Adrian Dantley
71%
1983-84 Adrian Dantley
71%
1981-82 Adrian Dantley
71%
1980-81 Adrian Dantley
71%
1979-80 Adrian Dantley
71%
2005-06 Andrei Kirilenko
71%
2004-05 Andrei Kirilenko
71%
2003-04 Andrei Kirilenko
71%
2006-07 Carlos Boozer
71%
1976-77 Pete Maravich
71%
1975-76 Pete Maravich
71%
1974-75 Pete Maravich
71%
2023-24 Lauri Markkanen
57%
2022-23 Lauri Markkanen
57%
2016-17 Gordon Hayward
43%
2015-16 Gordon Hayward
43%
2014-15 Gordon Hayward
43%
2013-14 Gordon Hayward
43%
2024-25 Walker Kessler
29%
2012-13 Al Jefferson
14%
2011-12 Al Jefferson
14%
1978-79 Rich Kelley
14%
1982-83 Rickey Green
14%
1977-78 Truck Robinson
14%
No matching quizzes found
Score Distribution
Percent of People with Each Score
Percentile by Number Answered
Your Score History
You have not taken this quiz